[Event "41st POL-ch (w)"]
[Site "Poznan POL"]
[Date "1989.??.??"]
[Round "10"]
[White "Rzeczycka, Bozena"]
[Black "Kaczorowska, Barbara"]
[Result "0-1"]
[WhiteElo "2090"]
[BlackElo "2200"]
[EventDate "1989.??.??"]
[PlyCount "74"]

1.e4 c6 2.d4 d5 3.Nd2 dxe4 4.Nxe4 Bf5 5.Ng3 Bg6 6.Nf3 Nd7 7.Bd3 e6 8.O-O 
Ngf6 9.Re1 Be7 10.Bg5 Bxd3 11.Qxd3 O-O 12.c4 Re8 13.Rad1 Qc7 14.Qe2 h6 15.
Bd2 c5 16.Bc3 cxd4 17.Nxd4 Red8 18.Nb5 Qb8 19.b3 a6 20.Nd4 Qf4 21.Nf3 Qc7 
22.Ne5 Nxe5 23.Bxe5 Qa5 24.f4 Rxd1 25.Rxd1 Rd8 26.Rxd8+ Qxd8 27.Bc3 Bd6 
28.Qf3 b5 29.cxb5 axb5 30.Bxf6 Qxf6 31.Qa8+ Kh7 32.Qe4+ g6 33.Qe2 Bc5+ 34.
Kh1 b4 35.Qf1 Qb2 36.Ne4 Be7 37.Qf2 Qb1+ 0-1

[Event "41st POL-ch (w)"]
[Site "Poznan POL"]
[Date "1989.??.??"]
[Round "10"]
[White "Wiese-Jozwiak, Malgorzata"]
[Black "Sosnowska, Elzbieta"]
[Result "1-0"]
[WhiteElo "2270"]
[BlackElo "2120"]
[EventDate "1989.??.??"]
[PlyCount "101"]

1.e4 e5 2.Nf3 d6 3.Bc4 Be7 4.h3 Nf6 5.Qe2 O-O 6.O-O c5 7.c3 Nc6 8.Bb3 Qc7 
9.d3 b6 10.Rd1 Ba6 11.Nh4 g6 12.Bh6 Rfe8 13.Qf3 Na5 14.Nf5 Bf8 15.Bg5 Nh5 
16.Ne3 Bb7 17.Nd5 Bxd5 18.Bxd5 Rac8 19.Na3 Ng7 20.b4 Nc6 21.b5 Nd8 22.Nc4 
Nge6 23.Bd2 Qe7 24.Kh2 Nc7 25.Qg4 Nde6 26.Bc6 Red8 27.h4 h5 28.Qg3 Kh7 29.
a4 Bg7 30.a5 Rb8 31.axb6 axb6 32.Ra7 Rf8 33.Kg1 Rfc8 34.f4 exf4 35.Bxf4 
Nxf4 36.Qxf4 Be5 37.Nxe5 dxe5 38.Qg5 f6 39.Qg3 Qd6 40.d4 Rg8 41.Rd3 Rg7 
42.dxe5 Qxe5 43.Qxe5 fxe5 44.Rd7 Ne6 45.Rxg7+ Nxg7 46.Re7 Rd8 47.Bd5 Rf8 
48.c4 Rf4 49.g3 Rg4 50.Kg2 g5 51.Be6 1-0

[Event "41st POL-ch (w)"]
[Site "Poznan POL"]
[Date "1989.??.??"]
[Round "11"]
[White "Jagodzinska, Joanna"]
[Black "Lissowska, Anna"]
[Result "0-1"]
[WhiteElo "2140"]
[BlackElo "2145"]
[EventDate "1989.??.??"]
[PlyCount "80"]

1.e4 e6 2.Nf3 d5 3.Nc3 Nf6 4.e5 Nfd7 5.d4 c5 6.dxc5 Nc6 7.Bf4 Nxc5 8.a3 
Be7 9.b4 Nd7 10.Bd3 g5 11.Bg3 a6 12.h3 Nxb4 13.O-O Nxd3 14.cxd3 b5 15.Qd2 
Bb7 16.Ne2 Nc5 17.Nfd4 Qb6 18.Rfc1 Rc8 19.Kh1 h5 20.f4 g4 21.Rf1 gxh3 22.
gxh3 Rg8 23.Kh2 Kd7 24.Bf2 Qd8 25.f5 Qc7 26.Bg3 Rxg3 27.Nxg3 h4 28.fxe6+ 
fxe6 29.Nge2 Qxe5+ 30.Kh1 Bg5 31.Qd1 Qe3 32.Rf3 Qe5 33.Qf1 Be3 34.Rf7+ Kd6
35.Nf3 Qh5 36.Nfd4 Nxd3 37.Rxb7 Nf2+ 38.Kh2 Qe5+ 39.Kg2 Rg8+ 40.Kf3 Qe4# 
0-1

[Event "41st POL-ch (w)"]
[Site "Poznan POL"]
[Date "1989.??.??"]
[Round "11"]
[White "Kaczorowska, Barbara"]
[Black "Strzalka, Joanna"]
[Result "1-0"]
[WhiteElo "2200"]
[BlackElo "2160"]
[EventDate "1989.??.??"]
[PlyCount "161"]

1.d4 Nf6 2.c4 d6 3.g3 g6 4.Bg2 Bg7 5.Nf3 O-O 6.O-O Nbd7 7.Nc3 e5 8.h3 exd4
9.Nxd4 Nc5 10.b3 Ne6 11.Bb2 Re8 12.e3 Qd7 13.Nf3 Nc5 14.Qc2 Qf5 15.Qxf5 
Bxf5 16.Nd4 Be4 17.Nxe4 Nfxe4 18.Rad1 a5 19.Ba1 Re7 20.Nb5 Bxa1 21.Rxa1 
Rae8 22.Rad1 Kg7 23.Rd4 Kf8 24.Rb1 Kg7 25.a3 f5 26.b4 axb4 27.axb4 Na6 28.
Rd3 Kf6 29.Nc3 Nxc3 30.Rxc3 b6 31.Ra3 Nb8 32.Ra7 c5 33.Ra8 Nd7 34.Ra6 Rb8 
35.bxc5 dxc5 36.Bc6 Ne5 37.Bd5 Nd7 38.Kf1 Ke5 39.Bc6 Kd6 40.Bxd7 Kxd7 41.
Rbxb6 Rxb6 42.Rxb6 Kc7 43.Ra6 Kb7 44.Ra4 h5 45.h4 Re6 46.Ke2 Kb6 47.Ra8 
Kb7 48.Ra1 Kb6 49.Rd1 Kc6 50.Rd8 Kc7 51.Rd5 Kc6 52.Rd8 Kc7 53.Rg8 Kd7 54.
Rg7+ Kc6 55.Kf3 Kb6 56.Ke2 Kc6 57.f3 Kb6 58.Kd3 Rd6+ 59.Kc3 Re6 60.Kd3 
Rd6+ 61.Ke2 Re6 62.Kf2 Kc6 63.Ra7 Kb6 64.Ra2 Rf6 65.Rd2 Kc6 66.Re2 Kd6 67.
e4 fxe4 68.Rxe4 Rf7 69.Ke3 Rf8 70.g4 hxg4 71.Rxg4 Rf6 72.Re4 Rf7 73.Kf2 
Rf6 74.Kg3 Rf5 75.Rf4 Re5 76.Rf6+ Re6 77.Rxe6+ Kxe6 78.Kg4 Kf6 79.Kf4 Ke6 
80.Kg5 Kf7 81.f4 1-0

[Event "41st POL-ch (w)"]
[Site "Poznan POL"]
[Date "1989.??.??"]
[Round "11"]
[White "Kaczmarek, Ewa"]
[Black "Wiese-Jozwiak, Malgorzata"]
[Result "1-0"]
[WhiteElo "2160"]
[BlackElo "2270"]
[EventDate "1989.??.??"]
[PlyCount "63"]

1.e4 d5 2.exd5 Qxd5 3.Nc3 Qa5 4.d4 Nf6 5.Nf3 Bg4 6.h3 Bh5 7.g4 Bg6 8.Ne5 
e6 9.Bd2 Bb4 10.Bg2 Qa6 11.Qf3 c6 12.h4 Bxc3 13.Qxc3 Ne4 14.Qe3 Nxd2 15.
Kxd2 Qa4 16.b3 Qb4+ 17.c3 Qe7 18.h5 f6 19.hxg6 fxe5 20.Rxh7 Rf8 21.dxe5 
Nd7 22.Kc2 O-O-O 23.f4 Nc5 24.Rd1 Rxd1 25.Kxd1 Rd8+ 26.Kc2 Nd3 27.Bf1 Nxf4
28.Qxf4 Qa3 29.Qa4 Qc5 30.Qc4 Qxe5 31.Bd3 Qf6 32.Rh2 1-0

[Event "41st POL-ch (w)"]
[Site "Poznan POL"]
[Date "1989.??.??"]
[Round "11"]
[White "Sikora-Gizynska, Bozena"]
[Black "Rzeczycka, Bozena"]
[Result "1-0"]
[WhiteElo "2215"]
[BlackElo "2090"]
[EventDate "1989.??.??"]
[PlyCount "63"]

1.e4 e5 2.Nf3 Nc6 3.Bb5 a6 4.Ba4 Nf6 5.O-O Be7 6.Re1 b5 7.Bb3 O-O 8.c3 d6 
9.a3 Na5 10.Ba2 c5 11.d4 Qc7 12.Nbd2 Bb7 13.b4 cxb4 14.cxb4 Nc6 15.Bb2 
Nxd4 16.Nxd4 exd4 17.Bxd4 Rac8 18.Re3 Nd7 19.Rc3 Qd8 20.Rxc8 Qxc8 21.Rc1 
Qb8 22.Bxg7 Kxg7 23.Qg4+ Kh8 24.Qxd7 Bg5 25.Rd1 Qc8 26.Qxd6 Rd8 27.Qe5+ f6
28.Qa1 Qc2 29.Bb3 Qc6 30.Bd5 Rxd5 31.exd5 Qxd5 32.Nf3 1-0

[Event "41st POL-ch (w)"]
[Site "Poznan POL"]
[Date "1989.??.??"]
[Round "11"]
[White "Sosnowska, Elzbieta"]
[Black "Klusek, Danuta"]
[Result "1-0"]
[WhiteElo "2120"]
[BlackElo "2145"]
[EventDate "1989.??.??"]
[PlyCount "55"]

1.e4 Nf6 2.e5 Nd5 3.d4 d6 4.exd6 cxd6 5.c4 Nb6 6.Nc3 g6 7.Bg5 Bg7 8.Rc1 h6
9.Be3 O-O 10.Be2 Nc6 11.d5 Ne5 12.b3 Ned7 13.Nf3 Nf6 14.h3 Bd7 15.O-O Rc8 
16.a4 a5 17.Qd2 Kh7 18.Bd3 Qc7 19.Ne2 Rce8 20.Nh4 Bc8 21.Nf4 Kg8 22.Nfxg6 
fxg6 23.Bxg6 Rd8 24.Bxh6 e5 25.dxe6 Bxe6 26.Bxg7 Qxg7 27.Qe3 Bxc4 28.bxc4 
1-0

[Event "41st POL-ch (w)"]
[Site "Poznan POL"]
[Date "1989.??.??"]
[Round "11"]
[White "Szmacinska, Grazyna"]
[Black "Grochot, Czeslawa"]
[Result "1-0"]
[WhiteElo "2215"]
[BlackElo "2040"]
[EventDate "1989.??.??"]
[PlyCount "79"]

1.Nf3 Nf6 2.g3 e6 3.Bg2 d5 4.O-O Be7 5.b3 O-O 6.c4 c5 7.Bb2 Nc6 8.d3 a6 9.
e3 Rb8 10.Qe2 b6 11.Rd1 Qc7 12.Nc3 dxc4 13.bxc4 Bb7 14.Rab1 Rfd8 15.Ba1 
Ba8 16.a3 Nd7 17.Ne4 Nce5 18.Nxe5 Nxe5 19.f4 Nd7 20.Qg4 Bf8 21.Nf6+ Nxf6 
22.Bxf6 Bxg2 23.Bxd8 Qc6 24.e4 f5 25.Qh5 g6 26.Qh4 Bf3 27.Rd2 Qd7 28.Bf6 
fxe4 29.Re1 Bg7 30.Qg5 Bxf6 31.Qxf6 Rf8 32.Qe5 Rd8 33.Rb1 Qd6 34.Qxd6 Rxd6
35.Kf2 b5 36.Ke3 b4 37.axb4 cxb4 38.Rxb4 Kf7 39.c5 Rxd3+ 40.Rxd3 1-0

[Event "41st POL-ch (w)"]
[Site "Poznan POL"]
[Date "1989.??.??"]
[Round "12"]
[White "Swiecik, Iwona"]
[Black "Kaczorowska, Barbara"]
[Result "0-1"]
[WhiteElo "2240"]
[BlackElo "2200"]
[EventDate "1989.??.??"]
[PlyCount "107"]

1.e4 c6 2.d4 d5 3.Nc3 dxe4 4.Nxe4 Bf5 5.Ng3 Bg6 6.Nf3 Nd7 7.h4 h6 8.h5 Bh7
9.Bd3 Bxd3 10.Qxd3 e6 11.Bd2 Qc7 12.O-O-O Ngf6 13.Qe2 O-O-O 14.Ne5 Nb6 15.
Ba5 Bd6 16.Kb1 Kb8 17.Rhe1 Rhe8 18.Rd3 Nfd5 19.Rf3 Nf6 20.Rb3 Bf8 21.Nc4 
Rd5 22.c3 Nfd7 23.Qf3 f6 24.Qg4 Rg5 25.Rxe6 Rxg4 26.Rxe8+ Qc8 27.Rxc8+ 
Nxc8 28.Ne3 Rg5 29.Bb4 Bxb4 30.cxb4 Ne7 31.Kc2 f5 32.Ne2 Rxh5 33.b5 c5 34.
dxc5 Nxc5 35.Rb4 Ne6 36.b6 axb6 37.Rxb6 Nc7 38.Rb3 Rh4 39.Rd3 f4 40.Rd8+ 
Ka7 41.g3 fxg3 42.Nxg3 Nc6 43.Rd7 Ne6 44.Kc3 Rf4 45.Rd2 Ng5 46.a3 Nh3 47.
Nd1 Ne5 48.Re2 Ng4 49.Ne4 Ng1 50.Re1 Nf3 51.Re2 h5 52.Nd2 h4 53.Re7 g5 54.
Ne4 0-1

[Event "41st POL-ch (w)"]
[Site "Poznan POL"]
[Date "1989.??.??"]
[Round "12"]
[White "Klusek, Danuta"]
[Black "Kaczmarek, Ewa"]
[Result "1-0"]
[WhiteElo "2145"]
[BlackElo "2160"]
[EventDate "1989.??.??"]
[PlyCount "115"]

1.e4 c5 2.Nf3 d6 3.d4 cxd4 4.Nxd4 Nf6 5.Nc3 a6 6.Be3 e5 7.Nb3 Be6 8.Be2 
Be7 9.O-O O-O 10.f4 Qc7 11.a4 Nbd7 12.a5 Rac8 13.f5 Bc4 14.Bxc4 Qxc4 15.
Ra4 Qc6 16.Qf3 Ra8 17.g4 b5 18.axb6 Nxb6 19.Na5 Qc7 20.Raa1 h6 21.Kh1 Nfd7
22.Rg1 Bg5 23.Rg2 Nf6 24.Bxg5 hxg5 25.h4 Nh7 26.Rh2 f6 27.h5 Rf7 28.Rd1 
Na4 29.Nxa4 Qxa5 30.Qb3 Qb5 31.Qxb5 axb5 32.Nc3 b4 33.Nb5 Rd7 34.Rhd2 Ra2 
35.b3 Nf8 36.Nxd6 Rc7 37.Nc4 Kf7 38.Kg2 Ke7 39.Kf3 Nd7 40.h6 gxh6 41.Rh1 
Nf8 42.Rxh6 Rd7 43.Rxd7+ Nxd7 44.Rh7+ Kd8 45.Ne3 Kc8 46.Rf7 Kd8 47.Rg7 Kc8
48.Re7 Rb2 49.Re6 Kb7 50.Rd6 Kc7 51.Rd2 Nb6 52.Ke2 Kc6 53.Rd8 Ra2 54.Rf8 
Nd7 55.Rc8+ Kb5 56.Nd5 Nc5 57.Rb8+ Kc6 58.Nxb4+ 1-0

[Event "41st POL-ch (w)"]
[Site "Poznan POL"]
[Date "1989.??.??"]
[Round "12"]
[White "Lissowska, Anna"]
[Black "Grochot, Czeslawa"]
[Result "1-0"]
[WhiteElo "2145"]
[BlackElo "2040"]
[EventDate "1989.??.??"]
[PlyCount "77"]

1.d4 d6 2.c4 e5 3.Nf3 e4 4.Nfd2 Nf6 5.e3 Be7 6.Nc3 Bf5 7.Qc2 Bg6 8.Ndxe4 
Nxe4 9.Nxe4 d5 10.cxd5 Qxd5 11.Bd3 Bb4+ 12.Kf1 Nc6 13.Nc3 Bxd3+ 14.Qxd3 
Bxc3 15.Qxc3 O-O-O 16.a4 f5 17.b4 Rhe8 18.b5 Ne7 19.Bd2 f4 20.Rc1 c6 21.
Qc5 Kb8 22.Qxd5 Rxd5 23.bxc6 Nxc6 24.h4 fxe3 25.fxe3 Rf5+ 26.Kg1 Re4 27.g3
Ne7 28.Kg2 Ng8 29.Rhe1 g5 30.hxg5 Rxg5 31.Kf3 Reg4 32.Rg1 Nf6 33.e4 Rg7 
34.Bf4+ Rxf4+ 35.gxf4 Rd7 36.d5 a6 37.Rgd1 Ka7 38.Rd4 Re7 39.e5 1-0

[Event "41st POL-ch (w)"]
[Site "Poznan POL"]
[Date "1989.??.??"]
[Round "12"]
[White "Rzeczycka, Bozena"]
[Black "Sosnowska, Elzbieta"]
[Result "1/2-1/2"]
[WhiteElo "2090"]
[BlackElo "2120"]
[EventDate "1989.??.??"]
[PlyCount "162"]

1.e4 c5 2.Nf3 Nc6 3.d4 cxd4 4.Nxd4 g6 5.c4 Bg7 6.Be3 Nf6 7.Nc3 Ng4 8.Qxg4 
Nxd4 9.Qd1 Ne6 10.Qd2 Qa5 11.Rc1 d6 12.Be2 b6 13.O-O Bb7 14.f3 g5 15.a3 
Qe5 16.b4 O-O 17.Rfd1 h6 18.Nd5 Rae8 19.Rc2 Kh8 20.Bf1 f5 21.exf5 Qxf5 22.
Bd3 Qf7 23.Be4 Be5 24.g3 Ba8 25.Qd3 Qg7 26.Rf2 Rb8 27.Kh1 a5 28.Nxb6 Bxe4 
29.Qxe4 axb4 30.axb4 Rfd8 31.Nd5 Nf8 32.b5 e6 33.Nb4 d5 34.cxd5 Rxb5 35.
Nc6 Rbxd5 36.Rxd5 Rxd5 37.Nxe5 Rxe5 38.Bd4 Ng6 39.Bxe5 Nxe5 40.Ra2 Qf6 41.
Ra8+ Kg7 42.Ra7+ Nf7 43.Ra6 Ne5 44.Kg2 Qf5 45.Qe2 Kf6 46.Ra5 h5 47.h4 gxh4
48.gxh4 Qg6+ 49.Kf2 Qf5 50.Kg3 Qg6+ 51.Kh2 Qf5 52.Kg3 Qg6+ 53.Kh2 Qf5 54.
Ra8 Qf4+ 55.Kh3 Nxf3 56.Rf8+ Ke7 57.Rxf4 Ng1+ 58.Kh2 Nxe2 59.Re4 Nc3 60.
Re5 Nd5 61.Rxh5 Nf4 62.Ra5 Kf6 63.Rg5 Ng6 64.Kh3 Ne7 65.Kg4 Nf5 66.Kh3 e5 
67.Rg1 e4 68.h5 e3 69.Kg4 Nd4 70.Re1 e2 71.Kf4 Ne6+ 72.Kg4 Nd4 73.Kf4 Ne6+
74.Ke4 Kg5 75.Rxe2 Kxh5 76.Rg2 Kh6 77.Ke5 Ng7 78.Kf6 Nh5+ 79.Kf7 Nf4 80.
Rg4 Nh5 81.Rg6+ Kh7 1/2-1/2

[Event "41st POL-ch (w)"]
[Site "Poznan POL"]
[Date "1989.??.??"]
[Round "12"]
[White "Strzalka, Joanna"]
[Black "Sikora-Gizynska, Bozena"]
[Result "1/2-1/2"]
[WhiteElo "2160"]
[BlackElo "2215"]
[EventDate "1989.??.??"]
[PlyCount "56"]

1.e4 c5 2.Nf3 e6 3.c3 d5 4.e5 Nc6 5.d4 Qb6 6.a3 Bd7 7.b4 cxd4 8.cxd4 h5 9.
Nc3 Nh6 10.Na4 Qd8 11.Nc5 Rb8 12.Bd3 g6 13.Bg5 Be7 14.Bxh6 Rxh6 15.Qd2 Rh8
16.O-O h4 17.Nb3 a6 18.Qe2 Kf8 19.Nfd2 Kg7 20.Qg4 Bf8 21.f4 Ne7 22.Rac1 
Nf5 23.Bxf5 exf5 24.Qf3 Be6 25.Nc5 Be7 26.Ndb3 Bxc5 27.dxc5 Qd7 28.Nd4 Qa4
1/2-1/2

[Event "41st POL-ch (w)"]
[Site "Poznan POL"]
[Date "1989.??.??"]
[Round "12"]
[White "Wiese-Jozwiak, Malgorzata"]
[Black "Szmacinska, Grazyna"]
[Result "1/2-1/2"]
[WhiteElo "2270"]
[BlackElo "2215"]
[EventDate "1989.??.??"]
[PlyCount "21"]

1.e4 d6 2.d4 g6 3.Nc3 Bg7 4.Be3 c6 5.Qd2 Qa5 6.f3 Nd7 7.Nh3 b5 8.Nf2 Rb8 
9.Be2 a6 10.O-O Ngf6 11.a3 1/2-1/2

[Event "41st POL-ch (w)"]
[Site "Poznan POL"]
[Date "1989.??.??"]
[Round "13"]
[White "Kaczorowska, Barbara"]
[Black "Erenska-Radzewska, Hanna"]
[Result "1/2-1/2"]
[WhiteElo "2200"]
[BlackElo "2285"]
[EventDate "1989.??.??"]
[PlyCount "106"]

1.d4 Nf6 2.c4 g6 3.Nc3 d5 4.cxd5 Nxd5 5.e4 Nxc3 6.bxc3 Bg7 7.Nf3 c5 8.Rb1 
O-O 9.Be2 b6 10.O-O Bb7 11.Qd3 cxd4 12.cxd4 Ba6 13.Qe3 Qd7 14.Rd1 Qa4 15.
Rd2 Bxe2 16.Qxe2 Rc8 17.Qd1 Rc4 18.Qxa4 Rxa4 19.Rc2 Na6 20.Be3 f6 21.Kf1 
Rd8 22.Ne1 f5 23.exf5 gxf5 24.Nf3 h6 25.g3 Rd5 26.Ne5 Bxe5 27.dxe5 Rxe5 
28.Bxh6 Nc5 29.Rd1 Kf7 30.Be3 Ne6 31.Rd7 Rea5 32.Rdd2 f4 33.gxf4 Nxf4 34.
Rd4 Nd5 35.Rxa4 Nxe3+ 36.fxe3 Rxa4 37.Ke2 Ke6 38.Kf3 Kf5 39.h3 e5 40.Re2 
b5 41.Rh2 Ra3 42.Rb2 a6 43.Re2 a5 44.h4 Rc3 45.h5 e4+ 46.Kg3 Kg5 47.h6 
Kxh6 48.Kf4 Rc4 49.Rb2 b4 50.Ke5 Kg6 51.Kd5 Rc3 52.Kxe4 Kf6 53.Kd4 Ke6 
1/2-1/2

[Event "41st POL-ch (w)"]
[Site "Poznan POL"]
[Date "1989.??.??"]
[Round "13"]
[White "Kaczmarek, Ewa"]
[Black "Rzeczycka, Bozena"]
[Result "1-0"]
[WhiteElo "2160"]
[BlackElo "2090"]
[EventDate "1989.??.??"]
[PlyCount "73"]

1.e4 e5 2.Nf3 Nc6 3.Bc4 Bc5 4.c3 Nf6 5.d4 exd4 6.e5 d5 7.Bb5 Ne4 8.cxd4 
Bb4+ 9.Bd2 Nxd2 10.Nbxd2 O-O 11.O-O Bd7 12.Bd3 Bg4 13.h3 Bh5 14.Nb3 Re8 
15.a3 Bf8 16.Rc1 Bg6 17.Bxg6 hxg6 18.Nc5 Bxc5 19.Rxc5 Ne7 20.b4 c6 21.Qb3 
a6 22.a4 Qd7 23.Rfc1 Rec8 24.Rb1 b6 25.Rc2 Rab8 26.Re2 Qc7 27.Qd3 Re8 28.
Rc1 Qd7 29.Qxa6 Ra8 30.Qxb6 Reb8 31.Qc5 Rxa4 32.Rb1 Qb7 33.Reb2 Nc8 34.Qc2
Qb5 35.e6 fxe6 36.Qxg6 Nb6 37.Ng5 1-0

[Event "41st POL-ch (w)"]
[Site "Poznan POL"]
[Date "1989.??.??"]
[Round "13"]
[White "Grochot, Czeslawa"]
[Black "Wiese-Jozwiak, Malgorzata"]
[Result "0-1"]
[WhiteElo "2040"]
[BlackElo "2270"]
[EventDate "1989.??.??"]
[PlyCount "54"]

1.d4 Nf6 2.Nf3 e6 3.e3 c5 4.c3 d5 5.Bd3 Nc6 6.O-O Bd6 7.Nbd2 O-O 8.Qe2 e5 
9.dxe5 Nxe5 10.Nxe5 Bxe5 11.h3 Bc7 12.Nf3 Ne4 13.c4 Re8 14.Rd1 Bf5 15.cxd5
Qd6 16.Bc4 Ng5 17.Bd3 Ne4 18.Bc4 Rad8 19.Bd2 Qh6 20.Qf1 Rd6 21.Ne5 Rf6 22.
Nd3 Bxh3 23.gxh3 Rg6+ 24.Kh1 Qh5 25.Nf4 Qf3+ 26.Kh2 Nxf2 27.Qg1 Qxh3# 0-1

[Event "41st POL-ch (w)"]
[Site "Poznan POL"]
[Date "1989.??.??"]
[Round "13"]
[White "Sikora-Gizynska, Bozena"]
[Black "Swiecik, Iwona"]
[Result "0-1"]
[WhiteElo "2215"]
[BlackElo "2240"]
[EventDate "1989.??.??"]
[PlyCount "84"]

1.e4 c5 2.Nf3 a6 3.b3 d6 4.Bb2 e5 5.Nc3 Nf6 6.a4 Nc6 7.h3 Rb8 8.Bc4 Be7 9.
O-O Nd4 10.Bd5 O-O 11.a5 Nc6 12.Bxc6 bxc6 13.d3 Ne8 14.Nh2 f6 15.Qe1 d5 
16.Na4 c4 17.dxc4 dxc4 18.bxc4 Bb4 19.Bc3 Qxa5 20.Bxb4 Qxb4 21.c5 Nc7 22.
Rb1 Qxb1 23.Qxb1 Rxb1 24.Rxb1 Be6 25.Nf3 Nb5 26.Rd1 Kf7 27.Rd2 Ke7 28.Ne1 
Rd8 29.Rxd8 Kxd8 30.Nd3 Kc7 31.Kf1 Na3 32.c3 Bb3 33.Ndb2 Nc4 34.Ke1 Nxb2 
35.Nxb2 a5 36.Kd2 a4 37.Kc1 Kb7 38.Nd3 Ka6 39.Kb2 Kb5 40.Ka3 Bc2 41.Nb2 
Bxe4 42.Nxa4 Bxg2 0-1

[Event "41st POL-ch (w)"]
[Site "Poznan POL"]
[Date "1989.??.??"]
[Round "13"]
[White "Sosnowska, Elzbieta"]
[Black "Strzalka, Joanna"]
[Result "1-0"]
[WhiteElo "2120"]
[BlackElo "2160"]
[EventDate "1989.??.??"]
[PlyCount "63"]

1.e4 e5 2.Nc3 Nf6 3.g3 d5 4.exd5 Nxd5 5.Bg2 Nxc3 6.bxc3 Bd6 7.Nf3 O-O 8.
O-O a5 9.Rb1 a4 10.Re1 Nc6 11.d4 exd4 12.Nxd4 Nxd4 13.cxd4 c6 14.Qd3 Qf6 
15.Be4 h6 16.c4 a3 17.Rb3 c5 18.d5 b5 19.Rxb5 Ra4 20.Qc2 Ra7 21.Rb3 Be5 
22.Rxa3 Re7 23.Be3 Bd4 24.Bxd4 cxd4 25.Ra8 Rfe8 26.Bh7+ Kf8 27.Rxe7 Qxe7 
28.Be4 Qb7 29.d6 Qd7 30.c5 Bb7 31.Rxe8+ Kxe8 32.c6 1-0

[Event "41st POL-ch (w)"]
[Site "Poznan POL"]
[Date "1989.??.??"]
[Round "13"]
[White "Szmacinska, Grazyna"]
[Black "Klusek, Danuta"]
[Result "0-1"]
[WhiteElo "2215"]
[BlackElo "2145"]
[EventDate "1989.??.??"]
[PlyCount "80"]

1.d4 Nf6 2.c4 e6 3.Nc3 d5 4.Bg5 Be7 5.e3 O-O 6.Nf3 h6 7.Bf4 c5 8.Be2 Nc6 
9.O-O cxd4 10.exd4 dxc4 11.Bxc4 Nb4 12.Qe2 b6 13.Rad1 Bb7 14.Ne5 Nbd5 15.
Bd2 Rc8 16.f4 Qc7 17.Bd3 Nb4 18.Nb5 Qb8 19.Bb1 a6 20.Nc3 Qd6 21.Be1 Rcd8 
22.Kh1 b5 23.Bh4 Nbd5 24.Qd3 Nb4 25.Qh3 Nbd5 26.Rfe1 Nxf4 27.Qg3 Nxg2 28.
Bxf6 Bxf6 29.Be4 Nxe1 30.Bxb7 Qc7 31.Be4 Bxe5 32.dxe5 Rxd1 33.Nxd1 Nc2 34.
Nf2 Nd4 35.Ng4 Qc1+ 36.Kg2 Qd2+ 37.Kh3 Qg5 38.Qf2 Nf5 39.Bxf5 Qxf5 40.Qe3 
h5 0-1

[Event "41st POL-ch (w)"]
[Site "Poznan POL"]
[Date "1989.??.??"]
[Round "14"]
[White "Swiecik, Iwona"]
[Black "Sosnowska, Elzbieta"]
[Result "1-0"]
[WhiteElo "2240"]
[BlackElo "2120"]
[EventDate "1989.??.??"]
[PlyCount "157"]

1.e4 e5 2.Nf3 Nc6 3.Bb5 Nd4 4.Nxd4 exd4 5.O-O Bc5 6.Qh5 Qe7 7.d3 Nf6 8.Qh4
c6 9.Bc4 d5 10.exd5 Nxd5 11.Qg3 O-O 12.Bxd5 cxd5 13.Bf4 Re8 14.Nd2 f6 15.
Nb3 a5 16.f3 Ra6 17.Rae1 Be6 18.Qf2 b5 19.Nxd4 Qa7 20.Be3 Bd7 21.c3 b4 22.
Nc2 Rxe3 23.Nxe3 bxc3 24.bxc3 d4 25.Nc2 dxc3 26.d4 Bf8 27.Re3 Bb5 28.Rb1 
Bc4 29.a3 a4 30.Rxc3 Bb3 31.Nb4 Rd6 32.d5 Qd7 33.Rbc1 Bxd5 34.Rc7 Qf5 35.
Nxd5 Qxd5 36.Rc8 g6 37.g3 Kf7 38.Qe2 Re6 39.Qc4 Qxc4 40.R1xc4 Bxa3 41.Rxa4
Be7 42.Ra7 h5 43.Kg2 f5 44.f4 Kf6 45.Rcc7 Re2+ 46.Kh3 Kf7 47.Rc6 Re6 48.
Rcc7 Re2 49.Ra5 Re6 50.Rb7 Re2 51.Re5 Rxe5 52.fxe5 g5 53.Rb6 g4+ 54.Kg2 h4
55.gxh4 Bxh4 56.Kf1 f4 57.Rb4 Bg5 58.Rb6 Bh4 59.Ra6 Bg5 60.Kg2 Bh4 61.Ra4 
Bg5 62.Ra6 Bh4 63.Kf1 Bg5 64.Ke2 Bh4 65.Kd3 g3 66.hxg3 Bxg3 67.Ke4 Ke7 68.
Rf6 Bh2 69.Kd5 Bg3 70.Rg6 Be1 71.Re6+ Kd7 72.Rf6 Bd2 73.Rf7+ Ke8 74.Ke6 
Be3 75.Rb7 Kd8 76.Kf7 f3 77.e6 Bc5 78.Rd7+ Kc8 79.Rd1 1-0

[Event "41st POL-ch (w)"]
[Site "Poznan POL"]
[Date "1989.??.??"]
[Round "14"]
[White "Jagodzinska, Joanna"]
[Black "Kaczorowska, Barbara"]
[Result "0-1"]
[WhiteElo "2140"]
[BlackElo "2200"]
[EventDate "1989.??.??"]
[PlyCount "76"]

1.e4 c6 2.d4 d5 3.Nd2 Qb6 4.c3 dxe4 5.Nxe4 Bf5 6.Ng3 Bg6 7.h4 h6 8.f4 e6 
9.Nf3 Nd7 10.h5 Bh7 11.Bd3 Bxd3 12.Qxd3 Ngf6 13.Qe2 Bd6 14.Be3 Nd5 15.Ne5 
Nxe5 16.fxe5 Bxe5 17.Ne4 Bc7 18.O-O-O O-O-O 19.Rdf1 f6 20.Bd2 Rhe8 21.Nc5 
Re7 22.Qg4 f5 23.Qg6 Rde8 24.Re1 Bf4 25.Re2 Bxd2+ 26.Rxd2 Qc7 27.g3 Nf6 
28.Re2 b6 29.Nd3 Ne4 30.Rg1 Kb8 31.Re3 c5 32.dxc5 Nxc5 33.Nxc5 Qxc5 34.
Rge1 Qc8 35.Re5 Qc4 36.a3 Qb3 37.Rd1 Rc8 38.Rd6 Rxc3+ 0-1

[Event "41st POL-ch (w)"]
[Site "Poznan POL"]
[Date "1989.??.??"]
[Round "14"]
[White "Klusek, Danuta"]
[Black "Grochot, Czeslawa"]
[Result "1-0"]
[WhiteElo "2145"]
[BlackElo "2040"]
[EventDate "1989.??.??"]
[PlyCount "55"]

1.e4 c5 2.Nf3 e6 3.d4 cxd4 4.Nxd4 Nc6 5.Nc3 d6 6.Be3 Nf6 7.f3 Be7 8.Qd2 a6
9.g4 Nd7 10.O-O-O Qc7 11.f4 b5 12.f5 Nxd4 13.Bxd4 Ne5 14.Qg2 Bd7 15.Kb1 
Rc8 16.Bxe5 dxe5 17.Bd3 b4 18.Ne2 a5 19.Ng3 a4 20.fxe6 fxe6 21.Rhf1 g6 22.
Qf3 Rf8 23.Qe3 Bf6 24.Qh6 Bc6 25.g5 Qg7 26.Qh3 Be7 27.Qxe6 Bd7 28.Bb5 1-0

[Event "41st POL-ch (w)"]
[Site "Poznan POL"]
[Date "1989.??.??"]
[Round "14"]
[White "Lissowska, Anna"]
[Black "Wiese-Jozwiak, Malgorzata"]
[Result "1-0"]
[WhiteElo "2145"]
[BlackElo "2270"]
[EventDate "1989.??.??"]
[PlyCount "93"]

1.d4 c5 2.d5 g6 3.c4 Bg7 4.Nc3 Nf6 5.Nf3 O-O 6.e4 d6 7.Nd2 Nh5 8.Nb3 e6 9.
Be2 Nf6 10.O-O Na6 11.Re1 Nc7 12.Bf4 exd5 13.cxd5 Qe7 14.e5 dxe5 15.d6 Qe6
16.Bf3 Rd8 17.Rxe5 Qc4 18.Bg3 Ne6 19.Re1 Ng5 20.Be2 Qb4 21.a3 Qb6 22.Na4 
Qc6 23.Naxc5 b6 24.Nd3 Bb7 25.f3 Nh5 26.Nb4 Qd7 27.Bh4 Bf6 28.Rc1 Qxd6 29.
Qxd6 Rxd6 30.Bxg5 Bxg5 31.Rc7 a5 32.Rxb7 axb4 33.Bc4 Rf8 34.axb4 Nf4 35.g3
Ne6 36.f4 Bf6 37.Re2 Nd4 38.Nxd4 Bxd4+ 39.Kg2 Rc6 40.b3 Rf6 41.Ree7 Bc3 
42.b5 h5 43.Rec7 h4 44.Rc6 Kg7 45.Rxf6 Kxf6 46.Rxb6+ Kf5 47.Kf3 1-0

[Event "41st POL-ch (w)"]
[Site "Poznan POL"]
[Date "1989.??.??"]
[Round "14"]
[White "Rzeczycka, Bozena"]
[Black "Szmacinska, Grazyna"]
[Result "0-1"]
[WhiteElo "2090"]
[BlackElo "2215"]
[EventDate "1989.??.??"]
[PlyCount "62"]

1.e4 e5 2.Nf3 Nc6 3.Bb5 a6 4.Ba4 Nf6 5.O-O Be7 6.Bxc6 dxc6 7.d3 Nd7 8.Nbd2
f6 9.Nc4 O-O 10.Ne3 Nc5 11.Nh4 g6 12.Nf3 Be6 13.h3 b6 14.Ng4 Bxg4 15.hxg4 
Qd7 16.Bh6 Rf7 17.g5 Rd8 18.gxf6 Bxf6 19.Ng5 Bxg5 20.Bxg5 Re8 21.Qe2 Ne6 
22.Be3 Nf4 23.Bxf4 exf4 24.c3 f3 25.gxf3 Qh3 26.f4 Rxf4 27.f3 Re5 28.Kf2 
Qh4+ 29.Ke3 Qh6 30.Kf2 Rh4 31.Ke1 Rh2 0-1

[Event "41st POL-ch (w)"]
[Site "Poznan POL"]
[Date "1989.??.??"]
[Round "14"]
[White "Strzalka, Joanna"]
[Black "Kaczmarek, Ewa"]
[Result "1-0"]
[WhiteElo "2160"]
[BlackElo "2160"]
[EventDate "1989.??.??"]
[PlyCount "63"]

1.e4 c5 2.Nf3 d6 3.d4 cxd4 4.Nxd4 Nf6 5.Nc3 a6 6.Bc4 e6 7.Bb3 b5 8.Bg5 b4 
9.Nce2 Be7 10.Ng3 O-O 11.O-O Bb7 12.Re1 Nbd7 13.Qd2 Qb6 14.Nxe6 fxe6 15.
Bxe6+ Rf7 16.Nf5 Bf8 17.Bxf6 gxf6 18.Re3 Ne5 19.Rg3+ Kh8 20.Bxf7 Nxf7 21.
Qf4 d5 22.Qg4 Nh6 23.Nxh6 Bxh6 24.exd5 Qd6 25.Re1 Rd8 26.Qh5 Bg7 27.Qf7 
Qf8 28.Qxb7 a5 29.Qc7 Rc8 30.Rxg7 Rxc7 31.Rxc7 Qd8 32.Ree7 1-0

[Event "41st POL-ch (w)"]
[Site "Poznan POL"]
[Date "1989.??.??"]
[Round "15"]
[White "Kaczmarek, Ewa"]
[Black "Swiecik, Iwona"]
[Result "1/2-1/2"]
[WhiteElo "2160"]
[BlackElo "2240"]
[EventDate "1989.??.??"]
[PlyCount "88"]

1.e4 e5 2.Nf3 d6 3.Bc4 Be6 4.Bxe6 fxe6 5.c3 Nf6 6.Qb3 Qc8 7.O-O Na6 8.Re1 
c5 9.d3 Be7 10.Bg5 O-O 11.Nbd2 Rb8 12.a4 Nc7 13.d4 exd4 14.cxd4 Qe8 15.
dxc5 dxc5 16.Bf4 Qc8 17.Bxc7 Qxc7 18.Qxe6+ Kh8 19.Ne5 g6 20.Ndc4 Rbe8 21.
Qh3 Kg7 22.Rad1 b6 23.Nd7 Nxd7 24.Rxd7 Qf4 25.Qg3 Qf6 26.Nd6 Rd8 27.Nf5+ 
Kh8 28.Rxe7 gxf5 29.Rxa7 fxe4 30.h3 Rd3 31.Re3 h5 32.Rxd3 exd3 33.Qxd3 
Qxf2+ 34.Kh2 Qf4+ 35.Qg3 Qd4 36.Qc7 Qf4+ 37.Qxf4 Rxf4 38.Kg3 Rb4 39.a5 h4+
40.Kh2 Rxb2 41.axb6 Rxb6 42.Ra4 Rb4 43.Ra7 Rf4 44.Rc7 c4 1/2-1/2

[Event "41st POL-ch (w)"]
[Site "Poznan POL"]
[Date "1989.??.??"]
[Round "15"]
[White "Grochot, Czeslawa"]
[Black "Rzeczycka, Bozena"]
[Result "1/2-1/2"]
[WhiteElo "2040"]
[BlackElo "2090"]
[EventDate "1989.??.??"]
[PlyCount "25"]

1.e4 e5 2.Nf3 Nf6 3.Nxe5 d6 4.Nf3 Nxe4 5.d4 d5 6.Bd3 Be7 7.O-O O-O 8.c3 
Re8 9.Nbd2 Bf6 10.Re1 Nxd2 11.Bxd2 Nc6 12.Qc2 Rxe1+ 13.Rxe1 1/2-1/2